| 000 | 00557nam a2200217Ia 4500 | ||
|---|---|---|---|
| 003 | OSt | ||
| 005 | 20220107122602.0 | ||
| 008 | 130318s9999 xx 000 0 und d | ||
| 020 | _a8173713057 | ||
| 040 | _cIIITMK | ||
| 082 | _a658.456 FOR/M | ||
| 100 |
_aForsyth, Patrick _911251 |
||
| 245 | _aMaking meetings work | ||
| 260 |
_bUniversities Press _aHyderabad _c2000 |
||
| 300 | _a72 | ||
| 440 |
_aManagement Shapers _911252 |
||
| 650 |
_aCOMMUNICATION _911253 |
||
| 650 |
_aEXECUTIVE MANAGEMENT _911254 |
||
| 650 |
_aMEETINGS _911255 |
||
| 942 |
_2ddc _cBK |
||
| 999 |
_c217 _d217 |
||